Towards new beginnings : a global perspective of the human dilemma (Record no. 503207)

000 -LEADER
fixed length control field 00464cam a22001337a 4500
008 - FIXED-LENGTH DATA ELEMENTS--GENERAL INFORMATION
fixed length control field 180718b xxu||||| |||| 00| 0 eng d
082 ## - DEWEY DECIMAL CLASSIFICATION NUMBER
Classification number A99 G1512t
245 ## - TITLE STATEMENT
Title Towards new beginnings : a global perspective of the human dilemma
Statement of responsibility, etc. Indira Gandhi Memorial Trust
260 ## - PUBLICATION, DISTRIBUTION, ETC.
Place of publication, distribution, etc. New Delhi
Name of publisher, distributor, etc. Roli
Date of publication, distribution, etc.
300 ## - PHYSICAL DESCRIPTION
Extent 345p.
650 ## - SUBJECT ADDED ENTRY--TOPICAL TERM
Topical term or geographic name entry element India -- Politics and government -- 1947-
650 ## - SUBJECT ADDED ENTRY--TOPICAL TERM
Topical term or geographic name entry element Women prime ministers -- India -- Biography
650 ## - SUBJECT ADDED ENTRY--TOPICAL TERM
Topical term or geographic name entry element Gandhi, Indira, -- 1917-1984
Holdings
Withdrawn status Lost status Damaged status Not for loan Permanent Location Current Location Date acquired Full call number Barcode Date last seen Price effective from Koha item type
        Indian Institute of Public Administration Indian Institute of Public Administration 2018-08-04 A99 G1512t GR19672 2018-08-04 2018-08-04 GR

Powered by Koha